Stability in the Banking Sector in European Union

Porovnanie výsledkov záťažového testovania bankového sektora v roku 2016 s testom v roku 2018 v rámci krajín EÚ. Výsledky testov navrhujú zmenu v medzinárodných štandardoch finančného výkazníctva (IFRS 9), ako aj zmenu v určení optimálnej úrovne kapitálových zdrojov bánk, ktoré by banky mali mať v p...

ver descrição completa

Na minha lista:
Detalhes bibliográficos
Autor principal: Novák, Marcel, 1979-
Formato: Capítulo de Livro
Idioma:inglês
Assuntos:
Tags: Adicionar Tag
Sem tags, seja o primeiro a adicionar uma tag!

MARC

LEADER 00000naa a2200000 4500
001 0258570
005 20240712110543.3
041 0 |a eng 
044 |a CZ 
245 1 0 |a Stability in the Banking Sector in European Union  |c Marcel Novák 
520 |a Porovnanie výsledkov záťažového testovania bankového sektora v roku 2016 s testom v roku 2018 v rámci krajín EÚ. Výsledky testov navrhujú zmenu v medzinárodných štandardoch finančného výkazníctva (IFRS 9), ako aj zmenu v určení optimálnej úrovne kapitálových zdrojov bánk, ktoré by banky mali mať v prípade nepriaznivých scenárov hospodárskeho rozvoja. 
610 2 0 |a bankovníctvo 
610 2 0 |a sektor finančný 
610 2 0 |a stabilita finančná 
610 2 0 |a testy 
610 2 0 |a štandardy účtovné medzinárodné 
610 2 0 |a porovnanie štatistické medzinárodné 
100 1 |a Novák, Marcel, 1979-